| 000 | 00818nam a2200229 u 4500 | ||
|---|---|---|---|
| 005 | 20240919064812.0 | ||
| 008 | 150803s2012 r 000 0 eng d | ||
| 020 | _a9789501215380 | ||
| 035 | _aUPN01000204747 | ||
| 049 | _aCG | ||
| 050 | 4 |
_aLC1031 _bR4.2 |
|
| 100 | 1 |
_aRey, Angélique del _937663 |
|
| 245 | 1 | 4 |
_aLas competencias en la escuela : _buna visión crítica sobre el rendimiento escolar / _cAngélique del Rey ; tr. Viviana Ackerman. |
| 260 |
_aBuenos Aires : _bPaidós : _c2012. |
||
| 300 | _a294 p. | ||
| 440 | 0 | _aVoces de la educación | |
| 534 |
_pTítulo original: _tA lécole des cométence : De léducation á la fabrique de l´éleve performant |
||
| 650 | 4 |
_aEducación basada en competencias _913564 |
|
| 650 | 4 |
_aEducación _xAspectos sociales _95311 |
|
| 905 | _aLibro | ||
| 999 |
_c176848 _d176848 |
||